| 000 | 00527nam a22001457a 4500 | ||
|---|---|---|---|
| 999 |
_c504276 _d504276 |
||
| 005 | 20180809132907.0 | ||
| 008 | 180809b ||||| |||| 00| 0 eng d | ||
| 040 | _c | ||
| 082 | _aA45:BA27 | ||
| 100 |
_aIndia. Commission for Scheduled Castes and Scheduled Tribes _9226 |
||
| 245 |
_aReport of the Commission for Scheduled Castes and Scheduled Tribes _bby Commission for Scheduled Castes and Scheduled Tribes |
||
| 260 |
_aNew Delhi _bThe author |
||
| 500 | _aLibrary has 1979/80-1981/82, 1983/84-1985/86 | ||
| 942 |
_2ddc _cGG |
||